|
|
|
|
| LEADER |
00969nam a2200229 i 4500 |
| 001 |
c000130137 |
| 003 |
CARM |
| 005 |
00000000000000.0 |
| 008 |
850204s1921 fr 0 eng d |
| 019 |
1 |
|
|a 10227088
|z 44795449
|5 LACONCORD2021
|
| 035 |
|
|
|a (OCoLC)457002135
|5 LACONCORD2021
|
| 100 |
1 |
|
|a Doucet, Roger,
|d 1885-.
|
| 245 |
1 |
0 |
|a Etude sur le gouvernement de Francois I dans ses rapports avec le Parlement de Paris /
|c par Roger Doucet.
|
| 260 |
|
|
|a Paris :
|b E. Champion,
|c 1921-.
|
| 300 |
|
|
|a v. :
|b ill.
|
| 500 |
|
|
|a "Note bibliographique": v. 1, p. [5]-15; v. 2, p. [5]-13.
|
| 600 |
0 |
0 |
|a Francis
|b I,
|c King of France,
|d 1494-1547.
|
| 651 |
|
0 |
|a France
|x Politics and government
|y 1515-1547.
|
| 852 |
8 |
|
|b CARM
|h A2:AF07D0
|i C00925
|p 0060487
|j pt.1
|f BK
|
| 082 |
0 |
|
|a 944.028
|
| 999 |
f |
f |
|i a47dfdc5-a6a5-52cf-b65e-3a70f51d93d5
|s c187ea46-01f4-51c5-b31f-850d375b5e61
|
| 952 |
f |
f |
|p Can circulate
|a CAVAL
|b CAVAL
|c CAVAL
|d CARM 1 Store
|e C00925
|f A2:AF07D0
|h Other scheme
|i book
|j pt.1 held
|m 0060487
|